000 00341nam a2200133Ia 4500
005 20251222144657.0
008 251222s9999||||xx |||||||||||||| ||spa||
020 _a9972-34-668-4
082 _a371.3/R23/Ej.2
100 _aRamírez R., Ignacio
245 0 _aLos Métodos Problémicos en la Enseñanza
264 _bSan Marcos
942 _cLIB
999 _c17280
_d17280